| 000 | 00583nam a22001937a 4500 | ||
|---|---|---|---|
| 005 | 20230602025619.0 | ||
| 008 | 221214b |||||||| |||| 00| 0 eng d | ||
| 020 | _a971-08-5110-1 | ||
| 082 | _a604.24 C266 2011 | ||
| 100 |
_aCardenas, Elpidio J. _eauthor |
||
| 245 |
_aTechnical drafting 1 / _cElpidio J. Cardenas, Filzardo Y. Francisco |
||
| 260 |
_aMandaluyong City: _bNational Book Store, _cc2011. |
||
| 300 |
_a125p.; _bill. |
||
| 504 | _aIncludes index | ||
| 505 | _aOriginally published: NBS, 1992 | ||
| 541 | _e1837 | ||
| 650 | _aMechanical drawing | ||
| 650 | _aDrafting | ||
| 999 |
_c393 _d393 |
||